Aktivita poslancov ľudových rád v Maďarskej ľudovej republike

Bibliographic Details
Main Author: Czafik, Jozef (Author)
Format: Article
Language:Slovak
PhysicalDescription:Obr. 1.
Subjects:

MARC

LEADER 00000nab a2200000 a 4500
001 vtls000093044
003 SK-MaSNL
005 20260303220439.0
008 160202c1981 xo 0 slo
015 |a SNBRB19rr/mm-uuuuu 
035 |a CL0103147 
040 |a SNKBUCL  |b slo  |c SNKBUCL  |e AACR2 
041 0 |a slo 
044 |a xo  |c SK 
080 |a 329.15(100-11)  |2 1981 
100 1 |a Czafik, Jozef  |4 aut  |9 375012 
245 1 0 |a Aktivita poslancov ľudových rád v Maďarskej ľudovej republike  |c Jozef Czafik 
300 |b Obr. 1. 
650 0 7 |a Magyar Szocialista Munkáspárt  |2 snkbucl  |9 1253575 
655 7 |a články z novín a časopisov  |2 snkbucl  |9 267496 
773 0 |t Národné výbory  |g Č. 10 (1981), s. 28-29 
850 |a Slovenská národná knižnica v Martine  |a MTA001 
852 |a SNK  |b KIS3GCP 
958 |a RK 
958 |a HU 
992 |a RBX 
999 |c 2227239  |d 2229169